Уроци по писане : да пишем цифри, да решаваме задачи : напиши и изтрий (Запис номер 510710)
[ съкратено ]
| 000 -Лидер | |
|---|---|
| Контролно поле с фиксирана дължина | 01319nam a2200277 a 4500 |
| 003 - Код на организацията, давaща контролен номер | |
| Контролно поле | BLK |
| 005 - Дата и час на последна редакция | |
| Контролно поле | 20240520161235.0 |
| 008 - Елементи от данни с фиксирана дължина | |
| fixed length control field | 210302b bu |||||r|||| 00| 0 bu d |
| 020 ## - Международен стандартен номер на книга ISBN | |
| Международен стандартен номер на книга ISBN | 9786197632057 |
| 040 ## - Източник на каталожния запис | |
| Идентификатор на билиотеката - собственик на записа | BLK |
| 041 ## - Код за език | |
| Код за езика на текст/звукозапис или на отделно заглавие | Български |
| Код за езика КДБФ | Български |
| 080 ## - УДК | |
| Текстов определител УДК | Издания за деца и юноши. Книжки-картинки. Читанки. Вж и 372.4 |
| УДК код - определител по УДК | 087.5 |
| УДК - код + определител | 087.5:51 |
| 100 ## - Редна дума - Автор | |
| R(LIN) | 1299 |
| Автор | Зверкова, Юлия Викторовна |
| Авторска отговорност | първи автор |
| 139 ## - Редно поле | |
| Редна дума | Зверкова, Юлия Викторовна |
| 245 ## - Сведения за заглавието | |
| Заглавие | Уроци по писане : да пишем цифри, да решаваме задачи : напиши и изтрий |
| Редно поле (дума) | Юлия Зверкова |
| 260 ## - Област на издателските данни | |
| 9 (RLIN) | 216067 |
| Място на издаване, разпространение и проч. | София |
| Име на издателя, разпространителя и проч. | Ина |
| Година на издаване | 2021 |
| Печатница | ([София] : [Циан]) |
| Издателство - префикс ISBN | 978-954-9328- |
| 300 ## - Физическа характеристика | |
| Страници | [20] с. : с цв. ил. |
| Размери/Мащаб | 24 см |
| 380 ## - Жанр | |
| Жанр | Детска отраслова лит. |
| 490 ## - СЕРИИ (Колекции) | |
| 9 (RLIN) | 492564 |
| Име на серия | Веселият Топчо : упражнения и задачи |
| 500 ## - Общи забележки | |
| Забележка | Кор. опис.<br/>Прев. от рус. ез. |
| 650 #7 - Допълнително описание по предмет – тема | |
| 9 (RLIN) | 156301 |
| Основно описание – тема или топоним | Извънкласна и извънучилищна работа - по математика - учебни помагала |
| 852 ## - Местоположение | |
| Форматна сигнатура | Цб 322621 |
| Фондова буква | Хранилище |
| 856 ## - Електронен адрес и достъп | |
| Инструкция (цена за достъп) | 0.00 |
| Права за достъп | disable |
| 942 ## - АРТИКУЛИ | |
| Вид на библиотечния материал | Книги |
| Скрит в OPAC | Не |
| Периодичен библиозапис | Да |
| 944 ## - СЪЗДАВАНЕ И РЕДАКЦИЯ на ЗАПИСА | |
| Дата на регистрацията/редакция | Нора Радева |
| Служител, извършил регистрацията/редакцията | 30545 |
| Статус, дата на статуса | Нора Радева |
| Създаване/Редакция | |
| 999 ## - СИСТЕМНИ КОНТРОЛНИ НОМЕРА | |
| Koha biblionumber | 510710 |
| Koha biblioitemnumber | 510710 |
| Код за отписване | Код за изгубен артикул | Източник на класификационната схема | Код за повреда | Коз за рестрикции | Код за отдаване | Артикулен № | Име на библиотеката - собственик | Име на библиотеката, в която се намира в момента | Статус (Текущо местоположение) | Дата на вписване в системата | Местоположение - отдел | Цена в лева | Инвентарен номер | Систематично азбучна сигнатура | Баркод | Цена в евро | Служебен тип на артикула |
|---|---|---|---|---|---|---|---|---|---|---|---|---|---|---|---|---|---|
| Не е изгубен | Universal Decimal Classification | Не е повреден | само за читалня | ползва се в читалня | 942980 | Регионална библиотека "Любен Каравелов" Русе | Регионална библиотека "Любен Каравелов" Русе | Хранилище | 2024-05-29 | Хранилище | 1.99 | 120000908090 | Цб 322621 | 120000908090 | 1.02 | Книги |